[Event "BEL-ch U16"]
[Site "Blankenberge"]
[Date "2015.04.12"]
[Round "1"]
[White "Vanhercke, Nathan"]
[Black "Ta Long, Vu"]
[Result "0-1"]
[WhiteElo "1155"]
[BlackElo "1661"]
[PlyCount "56"]
[EventDate "2015.04.12"]
[EventType "swiss"]
[EventRounds "9"]
[EventCountry "BEL"]
[SourceTitle "CBM 166 Extra"]
[Source "ChessBase"]
[SourceDate "2015.06.18"]
[SourceVersion "1"]
[SourceVersionDate "2015.06.18"]
[SourceQuality "1"]

1. e4 c5 2. Nf3 d6 3. b3 Nf6 4. d3 g6 5. Bb2 Bg7 6. Nc3 Nc6 7. Be2 Qa5 8. 0-0 Nxe4 9. dxe4 Bxc3 10. Bxc3 Qxc3 11. Rc1 Bg4 12. h3 Bxf3 13. Bxf3 Nd4 14. Be2 0-0 15. Qd3 Qxd3 16. Bxd3 a6 17. c3 Nc6 18. f4 b5 19. a4 b4 20. cxb4 Nxb4 21. Be2 Nc6 22. f5 Nd4 23. Bc4 e6 24. g4 Rfd8 25. fxg6 hxg6 26. h4 d5 27. exd5 exd5 28. Bd3 Nxb3 0-1

[Event "BEL-ch U16"]
[Site "Blankenberge"]
[Date "2014.04.18"]
[Round "8"]
[White "Vanhercke, Nathan"]
[Black "Deschepper, Simon"]
[Result "1-0"]
[WhiteElo "1176"]
[BlackElo "1550"]
[PlyCount "47"]
[EventDate "2014.04.??"]
[EventType "swiss"]
[EventRounds "9"]
[EventCountry "BEL"]
[SourceTitle "EXT 2015"]
[Source "ChessBase"]
[SourceDate "2014.11.20"]
[SourceVersion "1"]
[SourceVersionDate "2014.11.20"]
[SourceQuality "1"]

1. e4 e6 2. d4 d5 3. e5 c5 4. c3 Nc6 5. Nf3 Qb6 6. Bd3 Bd7 7. 0-0 cxd4 8. cxd4 Nxd4 9. Nxd4 Qxd4 10. Nc3 Bb4 11. Nb5 Qxe5 12. Qg4 Ba5 13. f4 Bb6+ 14. Kh1 Qf6 15. Nd6+ Ke7 16. Nxb7 Bc6 17. Ba6 Rb8 18. f5 h6 19. Qb4+ Ke8 20. Nd6+ Kd7 21. Bb5 Bxb5 22. Nxb5 Bc7 23. Qa4 Rb7 24. fxe6+ 1-0